00385pab a2200145 454500008004000000100002300040245005400063260000900117300000900126362001200135650001900147650001800166650001100184773004400195180718b1997 xxu||||| |||| 00| 0 eng d aGuha Roy, Jaytilak aDo's and don'ts for police in crime investigation c1997 ap.28 aOct-Dec aPolice - India aCrime - India aPolice aPolice Research and Development Journal